1795 1579 1246 1658 1665 1152 1758 1615 1195 1846 1812 1845 1989 1678 1860 1228 1142 1385 1874 1230 1261 1876 1408 1755 1772 1046 1081 1262 1445 1291 1277 1960 1327 1809 1389 1741 1421 1668 1106 1431 1022 1461 1369 1175 1664 1119 1987 1360 1425 1515 1207 1464 1871 1457 1554 1855 1365 1681 1039 1550 1323 1644 1749 1623 1173 1989 1393 1008 1583 1241 1353 1713 1412 1454 1250 1153 1673 1883 1801 1596 1643 1354 1036 1299 1829 1756 1636 1900 1863 1498 1356 1687 1449 1451 1074 1224 1631 1753 1942 BCNSPRNW ULIB Ver.6.0+V

เปลี่ยนเป็นภาษาไทย

Change to English
 แสดงรายละเอียดบรรณานุกรม
  กลับหน้าหลัก

Brief Record : Get Marc (ISO 2709) : E-mail record : QR code < ปิดหน้าต่าง
LEADER : 00000nam a2200000 a 4500
001    13399114820
003     ULIB
008    030512s2541 th 000 0 tha d
020    ^a9745734292
050 04 ^aLB2369^bอ864น
100 0  ^aอุษา เชื้อหอม
245 10 ^aแนวทางการเขียนรายงาน /^cอุษา เชื้อหอม
250    ^aพิมพ์ครั้งที่ 2
260    ^a[ชลบุรี] :^bโครงการตำราทางพยาบาลศาสตร์ คณะพยาบาลศาสตร์,^cม.ป.ป.
300    ^a107 หน้า :^bภาพประกอบ ;^c26 ซม.
500    ^aSend to Single Search
650  4 ^aการเขียนทางวิชาการ
710 2  ^aมหาวิทยาลัยบูรพา. ^bคณะพยาบาลศาสตร์.
945    ^p0^l0^i031811
995    ^aเกษร
999 ^a ใช้งานได้ทุกระบบ
รายการนี้ยังไม่มีแท็ก
คุณยังไม่ได้ล็อกอิน คุณสามารถมีกิจกรรมร่วมกับเว็บไซต์ได้ แต่ต้องล็อกอินก่อน ::
  ล็อกอิน

รายการสื่อสารสนเทศ

ลำดับที่ ประเภท เลขเรียก/บาร์โค้ด สถานที่ สถานะ
- ไม่พบข้อมูล -

รายการใกล้เคียง
    หัวเรื่อง [การเขียนทางวิชาการ]

BibComment


ยังไม่เคยถูกคอมเมนท์

คอมเมนท์ทรัพยากรรายการนี้
  คอมเมนท์: แนวทางการเขียนรา..


 Copyright 2026. Bcnsprnw @Library